000 00324nam a2200133Ia 4500
005 20251222144728.0
008 251222s9999||||xx |||||||||||||| ||spa||
020 _a8587742051
082 _a301.298.1/F96
245 0 _aMinisterio da Cultura
250 _a1ra.ed.
264 _bFundação Bienal de São Paulo
942 _cLIB
999 _c18475
_d18475